000 00697nam a22001931 4500
001 114571
003 ES-MaACL
005 20230906190206.0
007 t|
008 070309s1905 sp ||||0| spa d
016 7 _zIND9600735202
040 _aM-BN
_bspa
_cCDM
100 1 _aQuintanilla y Fábregas, Guillermo.
_9170374
245 1 0 _aCartilla agrícola para la enseñanza de la agricultura en las escuelas de las provincias de Madrid, Guadalajara, Toledo y Cuenca /
_cGuillermo Quintanilla y José Vicente-Arche.
260 _aMadrid :
_bHijos de M.G. Hernández,
_c1905.
300 _a94 p. :
_bil. ;
_c19 cm.
700 1 _aArche, José Vicente.
_9125692
852 _aES-MaACL
_jT-1248-F-2
999 _c114571
_d114571